Marvel vs D.C. Counterparts. - Statistics

General Stats
  • This quiz has been taken 61 times
  • The average score is 6 of 15
Answer Stats
Marvel D.C. Comics % Correct
Namor Aquaman
89%
Quick SIlver Flash
89%
Avengers Justice League
89%
Hyperion/Sentry/Gladiator Superman
83%
Lady Sif Wonder Woman
65%
Scarlet Witch Zatanna
41%
Abomination Doomsday
33%
Winter Soldier Red Hood
33%
Hulk Solomon Grundy
28%
Pheonix Raven
20%
X-Men Doom Patrol
19%
Attuma Ocean Master
15%
Odin All Father
6%
Wolverine Mammoth
4%
Sabertooth Tracer
4%
No matching quizzes found
Score Distribution
Percent of People with Each Score
Percentile by Number Answered
Your Score History
You have not taken this quiz